Classical electromagnetic theory

Salvato in:
Dettagli Bibliografici
Autore principale: Vanderlinde, Jack (Autore)
Natura: Libro
Lingua:inglese
Pubblicazione: Nueva York John Wiley 1993
Soggetti:
Tags: Aggiungi Tag
Nessun Tag, puoi essere il primo ad aggiungerne!!

MARC

LEADER 00000nam a2200000 a 4500
001 UCZ6957
003 CL-VaPUC
008 951222e19930000US |||||||||||||||||eng|d
082 0 4 |a 537  |b VAN  |2 21 
100 0 |a Vanderlinde, Jack  |e author  |9 351591 
245 1 0 |a Classical electromagnetic theory 
300 |a 384 p 
942 |c BK 
945 |d 19951222 00:00:00  |a rleighto 
260 |a Nueva York  |b John Wiley  |c 1993 
650 0 |a Electromagnetismo   |9 260123 
650 0 |a Electrostática  |9 351592 
650 7 |a PROPIEDADES DIELECTRICAS  |2 CL-VaPUC  |9 351593 
650 0 |a Energía   |9 259431 
650 0 |a Fuerza  |9 345825 
650 7 |a POTENCIAL ELECTRICO  |2 CL-VaPUC  |9 351594 
650 0 |a Electrodinámica   |9 317185 
650 0 |a Vectores  |9 317184 
650 7 |a TENSORES  |2 CL-VaPUC  |9 351595 
583 |a last modification  |c 19951222 00:00:00  |k Rodrigo Vera 
999 |c 243096  |d 243094 
952 |0 0  |1 0  |4 0  |6 537_000000000000000_VAN_1993  |7 0  |8 A  |9 256520  |a BIBCUR  |b BIBCUR  |d 2019-11-19  |i 315095K  |l 1  |o 537 VAN 1993  |p 315095K  |r 2025-04-22  |s 2024-11-15  |w 2019-11-19  |y BK  |k FIS